Idiote-PLK paroles - Statistiques

Statistiques générales
  • Ce quiz a été pris 209 fois
  • Le résultat moyen est 371 sur 500
Statistiques - réponses
Réponse % Correct
idiote
98%
idiote,
98%
j’ai
98%
le
97%
pas
97%
à
96%
a
96%
je
96%
ou
96%
passé
95%
de
94%
Ouais,
94%
ouais,
94%
(ouais,
94%
(ouais
94%
ignoble
93%
sale
93%
comme
92%
Depuis
92%
depuis
92%
depuis,
92%
en
91%
Tout
89%
tout
89%
grandi
88%
m’a
88%
ma
88%
petit,
88%
entouré
86%
bonheur
85%
jeune
85%
cours
83%
la
83%
là ?
83%
mon
83%
se
83%
une
83%
faire
82%
faire”
82%
homme
82%
Derrière
81%
derrière
81%
bleus
79%
du
79%
79%
moi,
79%
heure
78%
su
78%
c’est
76%
”c’est
76%
humaine
75%
race
75%
confiance
74%
dit
74%
j’aurais
74%
mais
74%
mal
74%
tu
74%
coeur”
73%
gens
73%
me
72%
Me
72%
papa
72%
parler
72%
soeur
72%
aux
71%
Chypriote
71%
j’attendais
71%
l’faire
71%
présenté
71%
si
71%
t’en
71%
trop
71%
ans,
70%
ans
70%
m’attache
70%
nouvelle
70%
ton
70%
frères
69%
maman
69%
nouveaux
69%
ça,
67%
croyant
66%
dans
66%
trouver
66%
t’y
66%
vas
66%
demi,
64%
seul
64%
verras,
64%
on
63%
”ils
62%
moitié,
62%
deux
61%
donc
61%
que
61%
sont
61%
après,
60%
plus
60%
repère
60%
vie,
60%
des
58%
dès
58%
vieux
58%
pour
57%
Pour
57%
puis
57%
s’en
56%
barricade
55%
est
55%
qui
55%
renfermer
55%
auto
54%
les
54%
méfiance
54%
qu’toi,
53%
sera
52%
six
52%
sortie
52%
connu
51%
heureusement,
51%
l’adolescence
51%
services
51%
voudrai
51%
et
50%
j’m’en
50%
pars
50%
l’silence,
49%
présence
49%
voudrais
49%
réjouira ?
48%
avec
47%
facilement
47%
tous
47%
rêver
46%
demain,
45%
loyal
45%
pendant
45%
sens
45%
serai
45%
j’lui
44%
sur
44%
blanche
43%
condés
43%
j’fais
43%
fera
41%
lit
41%
Quoi
41%
quoi
41%
d’mort
40%
rattraper
39%
mise,
38%
dis-moi
36%
dis-moi)
36%
(dis-moi)
36%
non,
34%
sans
34%
comprendre,
32%
j’pars
32%
hey,
31%
m’sali
31%
Sochaux-Caen
31%
m’coursaient
27%
bohneur
11%
Aucun quiz correspondant
Distribution des résultats
% des personnes avec chaque résultat
Percentile par nombre de réponses
Votre historique - résultats
Vous n’avez pas pris ce quiz